000 00725nam a2200193 a 4500
003 0
005 20250509143235.0
008 021107s19uu xx 00 eng d
050 _aPGS LB 2350.5
_b.B523 2002
100 _aBernardo, Julian Theodore L.
245 _aCourse and college preferences of fourth year students of Southville International School /
_cJulian Theodore L. Bernardo.
260 _aLas PiƱas City, Philippines :
_bSouthville International School and Colleges,
_c2002.
300 _a21 pages :
_billustrations ;
_c28 cm.
504 _aIncludes bibliographical references.
650 _aCollege choice.
650 _aHigh school students
_vAttitudes.
650 _aCareer education.
942 _2lcc
_cPASS
999 _c96599
_d96599